000
00286nam a2200121Ia 4500
008
241002s9999 xx 000 0 und d
082
_a
923.2 BRE
100
_a
Brecher, Michael
245
0
_a
Nehru A Political Biography
260
_a
New York:
_c
1961
600
_a
History
942
_c
UC
999
_c
18490
_d
18490